000 00700nam a2200289Ia 4500
005 20260324122555.0
008 008 260324s9999 xx 000 0 eng d
020 _a9780203084052
037 _aEBOOK
040 _aCRL
040 _beng
040 _cCRL
041 _2eng
041 _aeng
084 _qCRL
100 _aMikael Eriksson; Roland Kostić
_91166973
245 0 _aMediation and Liberal Peacebuilding
245 0 _bPeace from the Ashes of War?
260 _bTaylor and Francis
260 _c2013
365 _a
365 _b265
856 _uhttp://www.taylorfrancis.com/books/9780203084052
942 _cEBOOK
999 _c1759824
_d1759824